000 00408 a2200109 4500
001 ART_15663
005 20260410161918.0
008 260409a
245 1 0 _aActividades extractivas -petróleo y gas- algunas cuestiones claves
100 1 _aMarchesano, Marisa
773 0 _tDocumentos de trabajo de contabilidad, auditoría y responsabilidad social
_g- Año 2, Nº 3 (jun. 2012)
_wREV14385
999 _c27449
_d27449